|
|
|
|
| LEADER |
01886nam a2200337 a 4500 |
| 001 |
4830846 |
| 008 |
091019s1991 bg b 001 0 eng d |
| 999 |
|
|
|c 7639
|d 7639
|
| 010 |
|
|
|a 89905232
|
| 020 |
|
|
|a 8940511475
|
| 040 |
|
|
|a DLC
|c DLC
|d DLC
|
| 082 |
0 |
0 |
|a 362.5095492
|2 21
|
| 100 |
1 |
|
|a Maloney, Clarence.
|9 30114
|
| 245 |
1 |
0 |
|a Behavior and poverty in Bangladesh /
|c Clarence Maloney.
|
| 250 |
|
|
|a 3rd ed.
|
| 260 |
|
|
|a Dhaka, Bangladesh :
|b University Press,
|c 1991
|
| 300 |
|
|
|a viii, 93 p. ;
|c 22 cm.
|
| 504 |
|
|
|a Includes bibliographical references (p. 86-91) and index.
|
| 541 |
1 |
|
|e 00005010
|
| 650 |
|
0 |
|a Poor
|z Bangladesh.
|9 30115
|
| 650 |
|
0 |
|a Work ethic
|z Bangladesh.
|9 30116
|
| 650 |
|
0 |
|a National characteristics, Bangladeshi.
|9 30117
|
| 740 |
0 |
|
|a Behaviour and poverty in Bangladesh.
|
| 852 |
4 |
|
|a Ayesha Abed Library
|j General shelf
|
| 942 |
|
|
|2 ddc
|c BK
|
| 952 |
|
|
|0 0
|1 4
|2 ddc
|4 0
|6 362_509549200000000_MAL
|7 0
|9 8361
|a BRACUL
|b BRACUL
|c GEN
|d 2010-02-22
|g 150.00
|l 0
|o 362.5095492 MAL
|p 3010005010
|r 2010-02-22
|t 1
|w 2010-02-22
|y BK
|x Koha Inventory 2020
|
| 952 |
|
|
|0 0
|1 0
|2 ddc
|4 0
|6 362_509549200000000_MAL
|7 0
|9 8362
|a BRACUL
|b BRACUL
|c GEN
|d 2010-02-22
|g 150.00
|l 0
|o 362.5095492 MAL
|p 3010004396
|r 2010-02-22
|t 2
|w 2010-02-22
|y BK
|
| 952 |
|
|
|0 0
|1 0
|2 ddc
|4 0
|6 362_509549200000000_MAL
|7 0
|9 8363
|a BRACUL
|b BRACUL
|c GEN
|d 2010-02-22
|g 150.00
|l 3
|m 1
|o 362.5095492 MAL
|p 3010004759
|r 2025-12-14
|s 2025-11-16
|t 3
|w 2010-02-22
|y BK
|
| 952 |
|
|
|0 0
|1 0
|2 ddc
|4 0
|6 362_509549200000000_MAL
|7 0
|9 43189
|a SCL
|b SCL
|c GEN
|d 2005-12-18
|l 0
|o 362.5095492 MAL
|p 3020005971
|r 2014-07-16
|t 4
|w 2014-07-16
|y BK
|
| 952 |
|
|
|0 0
|1 0
|2 ddc
|4 0
|6 362_509549200000000_MAL
|7 0
|9 52434
|a SCL
|b SCL
|c GEN
|d 2015-02-03
|g 150.00
|l 0
|o 362.5095492 MAL
|p 3020000602
|r 2015-02-03
|t 5
|w 2015-02-03
|y BK
|
| 952 |
|
|
|0 0
|1 0
|2 ddc
|4 0
|6 362_509549200000000_MAL
|7 0
|9 58859
|a SCL
|b SCL
|c GEN
|d 2016-04-26
|g 150.00
|l 1
|o 362.5095492 MAL
|p 3020005139
|r 2017-09-21
|s 2017-09-21
|t 6
|w 2016-04-26
|y BK
|